Quiz sur le football colombien - Statistiques

Statistiques générales
  • Ce quiz a été pris 107 fois
  • Le résultat moyen est 8 sur 14
Statistiques - réponses
Indice Réponse % Correct
Joueur dont le but a été élu plus beau but de la Coupe du Monde 2014 James Rodriguez
95%
Club dans lequel il a été transféré après celle-ci Real Madrid
83%
Meilleur buteur de la sélection Radamel Falcao
81%
Club dans lequel il évoluait avant cette Coupe du Monde AS Monaco
77%
Joueur ayant notamment évolué à la Juventus de 2015 à 2023 Juan Cuadrado
76%
Joueur emblématique colombien ayant notamment évolué à Montpellier de 1988 à 1991 Carlos Valderrama
63%
2 clubs principaux de la ville de Cali {Deportivo} Cali
49%
Équipe battue lors de la finale Mexique
49%
Année du titre en Copa América 2001
46%
Équipe la plus titrée de l'histoire du championnat colombien Atlético Nacional
37%
Surnom de la sélection Tricolor
35%
2 clubs principaux de la ville de Cali {America} de Cali
33%
Joueur le plus capé de la sélection David Ospina
28%
Club principal de Bogota Millonarios
25%
Aucun quiz correspondant
Distribution des résultats
% des personnes avec chaque résultat
Percentile par nombre de réponses
Votre historique - résultats
Vous n’avez pas pris ce quiz